Manual de ciencia política (Registro nro. 71230)
[ vista simple ]
| 000 -ENCABEZADO | |
|---|---|
| Número de control [NR] | 01117nam a2200325 c 4500 |
| 005 - FECHA Y HORA DE LA ÚLTIMA TRANSACCIÓN | |
| control field | 20201111140009.0 |
| 008 - DE LONGITUD FIJA DE DATOS DE ELEMENTOS - INFORMACIÓN GENERAL | |
| Elementos de longitud fija [NR] | 130821s2008 sp grff spa |
| 020 ## - NUMERO INTERNACIONAL NORMALIZADO PARA LIBROS [R] | |
| Número Internacional Normalizado del libro [NR] | 9788481641898 |
| 040 ## - FUENTE DE CATALOGACION [NR] | |
| Agencia de catalogación original [NR] | Co-BoUCM |
| Idioma de catalogación [NR] | spa |
| Quien Cataloga | Deissy Garcia (modificó) |
| Quien Clasifica | Deissy Garcia (modificó) |
| 041 0# - CODIGO DE IDIOMA [R] | |
| Código de idioma para texto/pista de sonido o título separado [R] | Español |
| 245 00 - MENCION DE TITULO [NR] | |
| Título [NR] | Manual de ciencia política |
| Mención de responsabilidad, etc. [NR] | edición de Rafael del Águila |
| 250 ## - MENCION DE EDICION [NR] | |
| Mención de edición [NR] | 4a.Ed. |
| 260 ## - PUBLICACION, DISTRIBUCION, ETC. (PIE DE IMPRENTA) [R] | |
| Lugar de publicación, distribución, etc. [R] | Madrid (España) |
| Nombre del editor, distribuidor, etc. [R] | Trotta |
| Fecha de publicación, distribución, etc. [R] | 2008 |
| 300 ## - DESCRIPCION FISICA [R] | |
| Extensión [R] | 514 páginas |
| 490 #0 - MENCION DE SERIE [R] | |
| Mención de serie [R] | Colección estructuras. |
| -- | Serie ciencias sociales |
| 504 ## - NOTA DE BIBLIOGRAFIA, ETC. [R] | |
| Nota de bibliografía, etc. [NR] | Incluye referencias bibliográficas e índices |
| 650 04 - ASIENTO SECUNDARIO DE MATERIA - TERMINO TEMATICO [R] | |
| Término temático o nombre geográfico como elemento de entrada [NR] | Ciencia política |
| 9 (RLIN) | 340 |
| 650 04 - ASIENTO SECUNDARIO DE MATERIA - TERMINO TEMATICO [R] | |
| Término temático o nombre geográfico como elemento de entrada [NR] | Ciencia política |
| Subdivisión de forma [R] | Manuales |
| 9 (RLIN) | 91914 |
| 650 04 - ASIENTO SECUNDARIO DE MATERIA - TERMINO TEMATICO [R] | |
| Término temático o nombre geográfico como elemento de entrada [NR] | Cultura política |
| 9 (RLIN) | 12406 |
| 650 04 - ASIENTO SECUNDARIO DE MATERIA - TERMINO TEMATICO [R] | |
| Término temático o nombre geográfico como elemento de entrada [NR] | Democracia |
| 9 (RLIN) | 12617 |
| 650 04 - ASIENTO SECUNDARIO DE MATERIA - TERMINO TEMATICO [R] | |
| Término temático o nombre geográfico como elemento de entrada [NR] | Estado |
| 9 (RLIN) | 7594 |
| 650 04 - ASIENTO SECUNDARIO DE MATERIA - TERMINO TEMATICO [R] | |
| Término temático o nombre geográfico como elemento de entrada [NR] | Movimientos sociales |
| 9 (RLIN) | 19847 |
| 650 04 - ASIENTO SECUNDARIO DE MATERIA - TERMINO TEMATICO [R] | |
| Término temático o nombre geográfico como elemento de entrada [NR] | Nacionalismo |
| 9 (RLIN) | 20063 |
| 650 04 - ASIENTO SECUNDARIO DE MATERIA - TERMINO TEMATICO [R] | |
| Término temático o nombre geográfico como elemento de entrada [NR] | Partidos políticos |
| 9 (RLIN) | 7900 |
| 650 04 - ASIENTO SECUNDARIO DE MATERIA - TERMINO TEMATICO [R] | |
| Término temático o nombre geográfico como elemento de entrada [NR] | Sistemas electorales |
| 9 (RLIN) | 24654 |
| 650 04 - ASIENTO SECUNDARIO DE MATERIA - TERMINO TEMATICO [R] | |
| Término temático o nombre geográfico como elemento de entrada [NR] | Teoría política |
| 9 (RLIN) | 25330 |
| 700 1# - ASIENTO SECUNDARIO - NOMBRE PERSONAL [R] | |
| Nombre personal [NR] | Águila, Rafael del |
| Fechas asociadas con el nombre [NR] | 1953- |
| 9 (RLIN) | 32313 |
| 942 ## - ELEMENTOS DE ENTRADA AGREGADOS (KOHA) | |
| Tipo de ítem principal el descrito en 300a | Libro |
| Tema principal | Ciencia política |
| Edición | 4 |
| Parte restante de la signatura top. | M294m |
| Sistema de clasificación | DEWEY |
| Clasificación | 320 |
| Fecha de último préstamo | Total préstamos | Total Renewals | Signatura topográfica | Código de barras | Última vez visto | Volúmen / Fascículo | Ejemplar | Price effective from | Tipo de ítem | Perdido | Sistema de clasificación | Dañado | No prestable | Tipo de ítem específico | Suprimido | Ubicación habitual | Ubicación actual | Localización | Fecha de creación | Forma de adquisición | Costo |
|---|---|---|---|---|---|---|---|---|---|---|---|---|---|---|---|---|---|---|---|---|---|
| 01/02/2022 | 7 | 2 | 320 M294m | 100106543 | 05/06/2024 | 4a.Ed. | Ej.1 | 03/02/2013 | Libro | DEWEY | Libro | Bodega | Bodega | 3er piso | 30/09/2010 | Compra | 124960.00 | ||||
| 28/08/2017 | 13 | 3 | 320 M294m | 100092790 | 09/06/2026 | 4a.Ed. | Ej.4 | 03/02/2013 | Libro | DEWEY | Libro | Claustro | Claustro | 3er piso | 28/02/2013 | Compra | 156200.00 |